[Event "GER-chT U20 Girls"]
[Site "Pori"]
[Date "2004.12.28"]
[Round "3.1"]
[White "Kohl, Annette"]
[Black "Butschek, Tanja"]
[Result "1-0"]
[WhiteElo "1411"]
[BlackElo "1884"]
[PlyCount "101"]
[EventDate "2004.12.27"]
[EventType "team-tourn"]
[EventRounds "7"]
[EventCountry "GER"]
[SourceTitle "EXT 2006"]
[Source "ChessBase"]
[SourceDate "2005.11.24"]
[SourceVersion "1"]
[SourceVersionDate "2005.11.24"]
[SourceQuality "1"]

1. e4 c6 2. d4 d5 3. Nc3 dxe4 4. Nxe4 Nd7 5. c3 Ngf6 6. Ng3 Qc7 7. Bd3 e6 8. Qc2 b6 9. Nf3 Bb7 10. Qe2 c5 11. Be3 Be7 12. Rc1 h5 13. Bg5 cxd4 14. cxd4 Bb4+ 15. Kf1 Qd8 16. Ne5 Rc8 17. Bc4 Qe7 18. a3 Bd6 19. Re1 Bxe5 20. dxe5 h4 21. exf6 gxf6 22. Nf5 Qc5 23. Bxe6 fxg5 24. Bd5+ Kd8 25. Bxb7 Rc7 26. Bf3 Qc4 27. Qxc4 Rxc4 28. Nd6 Rf4 29. Re3 Kc7 30. Nb5+ Kb8 31. g3 Rc4 32. Rc3 Rxc3 33. Nxc3 Ne5 34. Bd5 h3 35. Ke2 Re8 36. Kd2 Rd8 37. Kc2 f5 38. f3 a6 39. Re1 Nd7 40. Be6 f4 41. Bxh3 fxg3 42. hxg3 Nc5 43. Bg4 Rh8 44. Re2 Rh1 45. Ne4 Rg1 46. Nxc5 bxc5 47. Re5 Rxg3 48. Rxc5 Rg2+ 49. Kb3 Re2 50. Rxg5 Re3+ 51. Ka2 1-0

[Event "GER-chT U20 Girls"]
[Site "Ditzingen"]
[Date "2003.12.30"]
[Round "7.2"]
[White "Mueller, Silvana"]
[Black "Kohl, Annette"]
[Result "1/2-1/2"]
[WhiteElo "1418"]
[BlackElo "1494"]
[PlyCount "51"]
[EventDate "2003.12.27"]
[EventType "team-swiss"]
[EventRounds "7"]
[EventCountry "GER"]
[SourceTitle "EXT 2022"]
[Source "ChessBase"]
[SourceDate "2021.10.06"]
[SourceVersion "1"]
[SourceVersionDate "2021.10.06"]
[SourceQuality "1"]
[WhiteTeam "Delitzsch ESV U20 Girls"]
[BlackTeam "Zeulenroda U20 Girls"]
[WhiteTeamCountry "GER"]
[BlackTeamCountry "GER"]

1. e4 e5 2. Nf3 Nf6 3. Nc3 Nc6 4. Bc4 Bc5 5. d3 h6 6. Be3 Bb4 7. 0-0 d6 8. a3 Ba5 9. b4 Bb6 10. h3 Ne7 11. d4 exd4 12. Bxd4 Bxd4 13. Qxd4 0-0 14. Rad1 Bd7 15. Nd5 Nexd5 16. Bxd5 Nxd5 17. exd5 Re8 18. Rfe1 a5 19. c4 axb4 20. axb4 Ra4 21. Qc3 Qa8 22. Rxe8+ Bxe8 23. Re1 Bd7 24. c5 Ra3 25. Qc1 Bxh3 26. Re8+ 1/2-1/2

[Event "GER-chT U20 Girls"]
[Site "Ditzingen"]
[Date "2003.12.28"]
[Round "4.2"]
[White "Peschke, Susanne"]
[Black "Kohl, Annette"]
[Result "1-0"]
[WhiteElo "1626"]
[BlackElo "1494"]
[PlyCount "53"]
[EventDate "2003.12.27"]
[EventType "team-swiss"]
[EventRounds "7"]
[EventCountry "GER"]
[SourceTitle "EXT 2022"]
[Source "ChessBase"]
[SourceDate "2021.10.06"]
[SourceVersion "1"]
[SourceVersionDate "2021.10.06"]
[SourceQuality "1"]
[WhiteTeam "Hamburger SK U20 Girls"]
[BlackTeam "Zeulenroda U20 Girls"]
[WhiteTeamCountry "GER"]
[BlackTeamCountry "GER"]

1. d4 d5 2. Nf3 e6 3. e3 Bd6 4. c4 c6 5. Nc3 f5 6. Bd3 Nf6 7. 0-0 0-0 8. b3 Nbd7 9. Bb2 Ne4 10. Bc2 g5 11. Nxe4 fxe4 12. Ne5 Nf6 13. f3 exf3 14. Nxf3 Ng4 15. Qd3 Qc7 16. Ne5 Nf6 17. Rf3 Bxe5 18. dxe5 Ne4 19. Qe2 Nc5 20. Rh3 Rf7 21. Rf1 Rg7 22. Qf2 Bd7 23. Bxh7+ Rxh7 24. Rxh7 Kxh7 25. Qf7+ Kh8 26. Qh5+ Kg8 27. Rf7 1-0

[Event "GER-chT U20 Girls"]
[Site "Ditzingen"]
[Date "2003.12.27"]
[Round "2.2"]
[White "Bonfert, Nadine"]
[Black "Kohl, Annette"]
[Result "0-1"]
[WhiteElo "1584"]
[BlackElo "1494"]
[PlyCount "112"]
[EventDate "2003.12.27"]
[EventType "team-swiss"]
[EventRounds "7"]
[EventCountry "GER"]
[SourceTitle "EXT 2022"]
[Source "ChessBase"]
[SourceDate "2021.10.06"]
[SourceVersion "1"]
[SourceVersionDate "2021.10.06"]
[SourceQuality "1"]
[WhiteTeam "Tamm 74 U20 Girls"]
[BlackTeam "Zeulenroda U20 Girls"]
[WhiteTeamCountry "GER"]
[BlackTeamCountry "GER"]

1. e4 e5 2. Nf3 Nf6 3. Nc3 Nc6 4. Bb5 d6 5. d3 Bg4 6. 0-0 Be7 7. Be3 0-0 8. Re1 a6 9. Bc4 b5 10. Bb3 Nd4 11. Bxd4 exd4 12. Nd5 Nxd5 13. Bxd5 Rb8 14. c3 Bf6 15. Rc1 c5 16. Qe2 Qa5 17. cxd4 Bxd4 18. Rc2 Rfe8 19. Qd2 Qxd2 20. Nxd2 Kf8 21. Kf1 Bh5 22. Nb3 Be5 23. h3 Bg6 24. Na5 f5 25. f3 fxe4 26. fxe4 Bf7 27. Rf2 Bf6 28. Bxf7 Kxf7 29. Nc6 Rbc8 30. Na5 Ke6 31. Rc1 Bd4 32. Rf3 Rf8 33. Rc2 Rxf3+ 34. gxf3 d5 35. b3 Kd6 36. Nb7+ Kc6 37. Na5+ Kb6 38. b4 Rf8 39. Ke2 cxb4 40. Nc6 Bc3 41. Ne7 d4 42. Nd5+ Kb7 43. f4 Re8 44. f5 a5 45. Kd1 a4 46. Rc1 a3 47. Rc2 Ra8 48. Rc1 b3 49. Nxc3 dxc3 50. axb3 b4 51. d4 Rd8 52. d5 Re8 53. d6 Rxe4 54. Kc2 Rd4 55. Rd1 Rxd1 56. Kxd1 a2 0-1